| 000 | 01064 a2200193 4500 | ||
|---|---|---|---|
| 003 | Nust | ||
| 005 | 20230119133021.0 | ||
| 010 | _a 82008629 | ||
| 020 | _a0471050482 (pbk.) : | ||
| 040 | _cNust | ||
| 082 | 0 | 0 | _a671.5212,KOE |
| 100 | 1 |
_aKoellhoffer, Leonard. _9107095 |
|
| 245 | 1 | 0 |
_aShielded metal arc welding / _cLeonard Koellhoffer. |
| 260 |
_aNew York : _bWiley, _cc1983. |
||
| 300 |
_axiv, 271 p. : _bill. ; _c28 cm. |
||
| 505 | _aIntroduction to SMAW Process (Page-1), Safety and Safe Practices in Welding and Cutting (Page-7), SMAW Power Sources and Equipment (Page-19), The Welding Circuit, Polarity and Arc Blow (Page-28), Metals and Welding (Page-32), SMAW Electrodes (Page-58), Procedures and Preparation for Plate Welding (Page-67), Welding Symbols (Page-84), Welding Inspection and Quality Control (Page-94), Oxy Full Flame Cutting (Page-112), The AAC Process (Page-126), AAC Procedures (Page-131), Flat or Download Welding (Page-136), Horizontal Welding of Plate (Page-154). | ||
| 650 | 0 |
_aShielded metal arc welding. _9107096 |
|
| 942 |
_2ddc _cBK |
||
| 999 |
_c185192 _d185192 |
||